Les séries d'Antenne 2 et de France 2 - Statistiques

Statistiques générales
  • Ce quiz a été pris 21 fois
  • Le résultat moyen est 11 sur 80
Statistiques - réponses
Année Indices Titres % Correct
1999 Chouchou - Loulou - Jean Dujardin Un gars, une fille
90%
2013 Commandant de police - 4 enfants - Cécile Bois Candice Renoir
60%
1993 Enseignant - Victor Novak - Gérard Klein L'Instit
55%
1991 Commissaire - Georges Simenon - Bruno Cremer Maigret
55%
1985 Loire - La Commanderie - Chantal Nobel Châteauvallon
50%
1981 Emile Zola - Prostituée - Véronique Genest Nana
45%
2002 Empereur - Bonaparte - Christian Clavier Napoléon
45%
2017 Jacques Dutronc - Lepic - Bouley Fais pas ci, fais pas ça
40%
1988 Linda de Suza - Biographie - Bagage La valise en carton
40%
1985 Rosy Varte - Boissier maxi-discount - Vézinet Maguy
40%
1991 Guy Marchand - Léo Malet - Détective Nestor Burma
40%
2014 Alpes - Brigade rurale - Samuel Le Bihan Alex Hugo
35%
2005 Remake - Malédiction - Templiers Les Rois maudits
35%
1997 Police judiciaire - 10e arrondissement - Paris PJ
35%
2019 Autiste - Documentaliste - Policière Astrid et Raphaëlle
30%
2006 KD2A - Ile de Ré - Adolescents Coeur océan
30%
2015 Agence ASK - Invités - Thibault de Montalembert Dix pour cent
30%
1980 Sady Rebbot - Père - Gallinacé Papa Poule
30%
1979 Normandie - 1911-1921 - Fanny Ardant Les Dames de la côte
25%
1978 Soignants - Nocturne - Catherine Allégret Médecins de nuit
25%
1993 Provence - Estelle Laborie - Brigitte Fossey Le château des oliviers
20%
2018 Commissaire - Pierre Niemans - Olivier Marchal Les rivières pourpres
20%
2018 Montpellier - Vie - Bastide Un si grand soleil
20%
1998 Plaideurs - Alain Krief - Quotidien Avocats et associés
15%
1999 Brigade criminelle - Paris - Jean-François Garreaud La Crim'
15%
2017 Policier - Art - OCBC L'art du crime
15%
2020 Capitaine de police - Strasbourg - Gil Alma César Wagner
10%
1989 Policier - Hallyday - Commissaire David Lansky
10%
1984 Corrèze - Saint-Libéral - Saga Des grives aux loups
10%
1978 XIVe siècle - Foix - Jean-Claude Drouot Gaston Phébus
10%
2020 Benjamin - Lucien Jean-Baptiste - Racisme Il a déjà tes yeux
10%
1998 Skieuse - Soignante - Charlotte Kady La Kiné
10%
2023 Ile - Attentat - Bretagne L'île prisonnière
10%
1999 Paris - Nadia Lintz - Jean-François Balmer Boulevard du Palais
5%
1986 Guerre de 100 ans - Claudine Ancelot - Voyages Catherine
5%
2001 Commissariat - Nuit - Michel Creton Central nuit
5%
2014 Corse - Gerard Darmon - Commissaire Duel au soleil
5%
2022 Françoise Bourdon - Provence - Philippe Torreton Et la montagne fleurira...
5%
1985 Marseille - Paris - Corinne Touzet Hôtel de police
5%
2021 Professeur - Philosophie - Charlie Dupont La faute à Rousseau
5%
2018 1997-2017 - Alpes - Vengeance Le Chalet
5%
1997 1913 - Malédiction - Marie-Christine Barrault Le Grand Batre
5%
1990 Sixtine Bader - Avocate - Louis Velle Le mari de l'ambassadeur
5%
2012 Président de la République - Attentat - Elections Les hommes de l'ombre
5%
1996 Brasseurs - Ardennes - Saga Les Steenfort
5%
2015 Le Tréport - Thierry Lhermitte - Bus Les Témoins
5%
1979 Maurice Leblanc - 1917 - Claude Jade L'île aux 30 cercueils
5%
1994 Lycée - Paris - Danièle Delorme Madame le Proviseur
5%
2020 Illusion - Tsunami - Marie-Josée Croze Mirage
5%
1978 Couple - Milliardaires - Georges Descrière Sam et Sally
5%
2020 3 couples - Récit - Michel Fugain Une belle histoire
5%
1988 Eugène Sue - Canidés sauvages - Ailés Anges et Loups
0%
1993 Magistrat - Attentats - Jacques Weber Antoine Rives, le juge du terrorisme
0%
1980 Gentleman-cambrioleur - Grand Hôtel - Brialy Arsène Lupin joue et perd
0%
1987 Avocats - Paris - Danielle Darrieux Bonjour maître
0%
2009 1 jour - Histoire - Evénement Ce jour-là, tout a changé
0%
1976 Saga - Guerres de religion - Georges Marchal Ces beaux messieurs de Bois-Doré
0%
2007 Normandie - Guy - Nouvelles Chez Maupassant
0%
1994 Ipanema - Adolescentes - Société Des filles dans le vent
0%
1983 Soignant - XVIIIe siècle - Dauphiné Fabien de la Drôme
0%
1976 Afrique - Affrontement - Angleterre Fachoda, la mission Marchand
0%
1986 Communard - Médecin - Languedoc Félicien Grevèche
0%
2002 Police - Sophie de la Rochefoucauld - Sur le fait Groupe flag
0%
1988 Garde d'enfants - Prune - Véronique Boulanger La Baby-sitter
0%
1988 Roger Pierre - Famille - Logement L'Appart
0%
1998 Sitcom - Kad Merad - Télévision Les 30 dernières minutes
0%
1976 Militaires - Etrangers - Afrique Les douze légionnaires
0%
1981 Napoléon - Jeunes femmes - Claude Giraud Les fiancées de l'Empire
0%
1981 Humour - Tribunal - Henri Tisot Les gaietés de la correctionnelle
0%
1982 Nucléaire - Yves Rénier - Ingénieur Les Maupas
0%
2009 Policier - AC - 3 époques Les petits meurtres d'Agatha Christie
0%
1998 Prêtre - Voyage - St Jacques Louis Page
0%
1992 Alpes - Lycée - Hugues Chester Lycée alpin
0%
1983 Empire - Corinne Touzet - Juliette Benzoni Marianne
0%
2008 XVIIIe siècle - Commissaire - Breton Nicolas Le Floch
0%
1997 Gare - Marie Saint-Georges - Sophie Duez Quai n°1
0%
1984 Locataires - Immeuble - 1er soap français Rue Carnot
0%
1993 Lycée - Classe - Soap Seconde B
0%
1977 Magistrat - Policier - Michel Duchaussoy Un juge, un flic
0%
2017 Villefranche - Isolé - Corbeaux Zone blanche
0%
Aucun quiz correspondant
Distribution des résultats
% des personnes avec chaque résultat
Percentile par nombre de réponses
Votre historique - résultats
Vous n’avez pas pris ce quiz